000 00326 a2200157 4500
001 188114
020 _a
040 _cMagnum
100 _aSantos, Paulo Roberto Dos
240 1 0 _aO sítio do vovô
_lpor
245 1 0 _aO sítio do vovô
300 _a42
362 0 _a2007
697 _aLITERATURA INFANTO
942 _cBK
999 _c188114
_d188114